| 000 | 00542nam a22001817a 4500 | ||
|---|---|---|---|
| 003 | OSt | ||
| 008 | 250902b |||||||| |||| 00| 0 eng d | ||
| 041 | _aeng | ||
| 082 |
_a925.1 _bSRE/GA |
||
| 100 |
_aSreedharan, Palliyara _97809 |
||
| 245 |
_aGanithasasthra pratibhakal / _bഗണിതശാസ്ത്ര പ്രതിഭകള് |
||
| 250 | _a2nd ed. | ||
| 260 |
_aThiruvananthapuram : _bChintha Publishers, _c2024. |
||
| 300 | _a328 p. | ||
| 650 |
_aBiography- Mathematicians _97810 |
||
| 650 |
_aMathematics _96004 |
||
| 942 | _cBK | ||
| 999 |
_c19498 _d19498 |
||